000 00301nam a2200121 a 4500
005 20140414131914.0
008 100902s19uu xx 00 eng d
050 _aFIC
_bC36 2004
100 _aChapman, Linda
245 _aCentre stage.
260 _aNew York :
_bPuffin Book,
_c2004.
999 _c111396
_d111396